Supreme Court Criminal Appeal No. 23 OF 2000 Kitema John Vs Uganda (Record no. 2546)
[ view plain ]
| 000 -LEADER | |
|---|---|
| fixed length control field | 00685nam a22001217a 4500 |
| 008 - FIXED-LENGTH DATA ELEMENTS--GENERAL INFORMATION | |
| fixed length control field | 110610t xxu||||| |||| 00| 0 eng d |
| 010 ## - LIBRARY OF CONGRESS CONTROL NUMBER | |
| LC control number | SCCAF22 |
| 245 ## - TITLE STATEMENT | |
| Title | Supreme Court Criminal Appeal No. 23 OF 2000 Kitema John Vs Uganda |
| 260 ## - PUBLICATION, DISTRIBUTION, ETC. (IMPRINT) | |
| Date of publication, distribution, etc | 2000 |
| 500 ## - GENERAL NOTE | |
| General note | Coram: Tsekooko, Karokora, Mulenga, Kanyeihamba and Mukasa-Kikonyogo, J.J.S.C |
| 500 ## - GENERAL NOTE | |
| General note | Appeal from the judgement of the Court of Appeal Manyindo, D.C.J Twinomugisha and Kitumba J.J.A dated 5th June, 2000 and arising from the judgement of the high Court at Mbarara Mukanza, J in Criminal Session case No. 23/99, dated 9.8.96 |
| Withdrawn status | Lost status | Source of classification or shelving scheme | Damaged status | Koha normalized classification for sorting | Not for loan | Location (home branch) | Sublocation or collection (holding branch) | Shelving location | Date acquired | Koha issues (times borrowed) | Koha full call number | Piece designation (barcode) | Koha date last seen | Price effective from | Koha item type |
|---|---|---|---|---|---|---|---|---|---|---|---|---|---|---|---|
| Dewey Decimal Classification | SCCAF__22 | Law Development Centre Main Library | Law Development Centre Main Library | Law Reports | 06/10/2011 | SCCAF_22 | 23/2000/1 | 06/10/2011 | 06/10/2011 | Un Reported Cases |
